000 00239nam a2200097Ia 4500
001 837445
005 20250826172533.0
008 250824s9999 xx 000 0 und d
245 0 _aSUSACAK VAR
_cKAHRAMAN TEZEOĞLU
260 _bDESTEK YAYINLARI
999 _c837445
_d837445